First Vice Premiers of the People's Republic of China - Statistics

General Stats
  • This quiz has been taken 3 times
  • The average score is 11 of 18
Answer Stats
Picture Hint Answer % Correct
1974-1976 | 1977-1980 Deng Xiaoping
100%
1949-1954 Dong Biwu
100%
1964-1971 Lin Biao
100%
1976-1977 Zhang Chunqiao
100%
1954-1964 Chen Yun
67%
2018-2023 Han Zheng
67%
*(Acting) 1972-1974 Li Fuchun
67%
2008-2013 Li Keqiang
67%
1977 Li Xiannian
67%
1980-1988 Wan Li
67%
1988-1993 Yao Yilin
67%
1993-1998 Zhu Rongji
67%
*(Acting) 1971-1972 Chen Yi
33%
2023- Ding Xuexiang
33%
2003-2007 Huang Ju
33%
1998-2003 Li Lanqing
33%
(Acting) 2007-2008 Wu Yi
33%
2013-2018 Zhang Gaoli
33%
No matching quizzes found
Score Distribution
Percent of People with Each Score
Percentile by Number Answered
Your Score History
You have not taken this quiz